Castro y las Guerillas en Latinoamérica / (Registro nro. 24149)

Detalles MARC
000 -LEADER
fixed length control field 00610nam a22002057a 4500
003 - CONTROL NUMBER IDENTIFIER
control field DO-CoUTE
005 - DATE AND TIME OF LATEST TRANSACTION
control field 20260429132401.0
008 - FIXED-LENGTH DATA ELEMENTS--GENERAL INFORMATION
fixed length control field 260429b dr ||||| |||| 00| 0 spa d
020 ## - INTERNATIONAL STANDARD BOOK NUMBER
International Standard Book Number 0-89729-939-6
040 ## - CATALOGING SOURCE
Original cataloging agency DO-CoUTE
Language of cataloging spa
Transcribing agency DO-CoUTE
082 ## - DEWEY DECIMAL CLASSIFICATION NUMBER
Classification number 972.91R788c
100 1# - MAIN ENTRY--PERSONAL NAME
Personal name Ros, Enrique
Relator term Autor
245 10 - TITLE STATEMENT
Title Castro y las Guerillas en Latinoamérica /
Statement of responsibility, etc. Enrique Ros
260 ## - PUBLICATION, DISTRIBUTION, ETC.
Place of publication, distribution, etc. Maimi, florida ;
Name of publisher, distributor, etc. Universal,
Date of publication, distribution, etc. 2001
300 ## - PHYSICAL DESCRIPTION
Extent 381 Paginas :
Dimensions 23cm,
504 ## - BIBLIOGRAPHY, ETC. NOTE
Bibliography, etc. note Incluye referencia bibliográfica e índice.<br/>
650 #4 - SUBJECT ADDED ENTRY--TOPICAL TERM
Topical term or geographic name entry element Guerras
700 1# - ADDED ENTRY--PERSONAL NAME
Personal name Enrique Ros
Relator term Autor
942 ## - ADDED ENTRY ELEMENTS (KOHA)
Source of classification or shelving scheme Dewey Decimal Classification
Koha item type Libros
Existencias
Withdrawn status Lost status Source of classification or shelving scheme Damaged status Not for loan Collection code Home library Current library Shelving location Date acquired Inventory number Total Checkouts Full call number Barcode Date last seen Copy number Price effective from Koha item type
    Dewey Decimal Classification     Colección General Biblioteca UTECO Biblioteca UTECO En Estantería 04/29/2026 023644   972.91R788c 023644 04/29/2026 Ej.1 04/29/2026 Libros
© 2021 Derechos Reservados UTECO - Teléfono: +1 809-585-2291 - Correo electrónico: biblioteca@uteco.edu.do​  
Código postal 43000 ​​
Dirección: Avenida Universitaria No. 100, 
Cotuí, Provincia Sánchez Ramírez, República Dominicana - RNC: 404-00059-6